Loading...
| History - World History | 3 | 2 | 2 | 0 | 55 | 22 | 55.40 | 3 | 5 |
| History - European History | 2 | 2 | 2 | 1 | 40 | 54 | 84.25 | 1 | 2 |
| Social Science | 2 | 1 | 0 | 1 | 40 | 31 | 68.00 | 2 | 3 |
| Philosophy | 1 | 2 | 1 | 0 | 30 | 67 | 83.00 | 1 | 3 |
| Literature - World Literature | 1 | 1 | 0 | 0 | 25 | 56 | 86.00 | 0 | 2 |
| Mythology | 0 | 2 | 0 | 1 | 20 | 112 | 126.00 | 0 | 1 |
| Religion | 1 | 1 | 1 | 1 | 20 | 63 | 105.00 | 0 | 2 |
| Fine Arts - Other Fine Arts | 0 | 2 | 1 | 0 | 15 | 83 | 87.00 | 1 | 2 |
| Literature - European Literature | 1 | 0 | 0 | 0 | 15 | 67 | 67.00 | 0 | 0 |
| History - Other History | 1 | 1 | 3 | 1 | 10 | 41 | 88.00 | 1 | 2 |
| Pop Culture | 1 | 0 | 1 | 0 | 10 | 36 | 36.00 | 1 | 1 |
| Geography | 0 | 1 | 0 | 0 | 10 | 83 | 83.00 | 1 | 1 |
| History - American History | 0 | 1 | 2 | 1 | 0 | 132 | 132.00 | 0 | 1 |
| Literature - American Literature | 0 | 0 | 1 | 0 | -5 | 0.00 | 0 | 0 | |
| Fine Arts - Visual Fine Arts | 0 | 0 | 1 | 0 | -5 | 0.00 | 0 | 0 |